000 01465cam a2200349 a 4500
001 15016567
005 20080803142511.0
008 070921s2008 njuab b 001 0 eng
010 _a 2007039014
015 _aGBA816681
_2bnb
016 7 _a014511903
_2Uk
020 _a9780131354210 (pbk.)
020 _a0131354213 (pbk.)
035 _a(OCoLC)ocn173299261
035 _a(OCoLC)173299261
_z(OCoLC)154715386
040 _aDLC
_cDLC
_dBAKER
_dBTCTA
_dYDXCP
_dC#P
_dBWX
_dUKM
_dNLGGC
_dDLC
050 0 0 _aHF5415.2
_b.B7787 2008
082 0 0 _222
_a658.830285554
_bBUR
084 _a85.40
_2bcl
100 1 _aBurns, Alvin C.
_94502
245 1 0 _aBasic marketing research :
_bUsing Microsoft Excel data analysis /
_cAlvin C. Burns, Ronald F. Bush.
250 _a2nd ed.
_bPearson International Edition.
260 _aUpper Saddle River, N.J. :
_bPearson Prentice Hall,
_cc2008.
300 _axxix, 4-510 p. :
_bcol. ill., col. maps ;
_c26 cm.
504 _aIncludes bibliographical references and index.
630 0 0 _aMicrosoft Excel (Computer file)
_94503
650 0 _aMarketing research.
_94504
700 1 _aBush, Ronald F.
_94505
942 _2ddc
_cBB
999 _c11472
_d11472